Dichtbesiedelste Landkreise Deutschlands - Statistiken

Allgemein
  • Dieses Quiz wurde 62 mal gespielt
  • Das Durchschnittsergebnis liegt bei 6 aus 20
Antwortstatistiken
Ew./km² Landkreis % Korrekt
540 München
60%
798 Aachen, Städteregion
48%
815 Recklinghausen
48%
1204 Mettmann
45%
796 Rhein-Kreis Neuss
36%
735 Unna
36%
846 Esslingen
34%
806 Ludwigsburg
33%
793 Ennepe-Ruhr-Kreis
31%
1093 Main-Taunus-Kreis
31%
683 Rhein-Erft-Kreis
31%
529 Rhein-Sieg-Kreis
28%
809 Saarbrücken, Regionalverband
26%
656 Rheinisch-Bergischer Kreis
22%
650 Böblingen
21%
1023 Offenbach
21%
538 Viersen
21%
622 Groß-Gerau
17%
562 Herford
10%
530 Neunkirchen
10%
Keine übereinstimmenden Quizze gefunden
Verteilung der Resultate
Anzahl Personen mit jedem Resultat
Perzentil nach korrekt beantworteten Fragen
Ihre Resultats-Entwicklung
Sie haben dieses Quiz noch nicht gespielt